F That Middle Word Quiz Stats

 Plays Quiz Updated Mar 10, 2015

Score 0/40 Timer 05:00
4 Plays Today
% Correct
Fu
95.2%
Five
94.3%
Feet
94.3%
Francisco
94.1%
Force
94%
From
93.7%
Fair
92.9%
Feel
92.7%
Fall
91.8%
Fully
91.8%
Forever
90.8%
Fitzgerald
90.3%
Fields
88.5%
Full
87%
Fifth
86.3%
For
86.3%
First
85.6%
Fit
84.3%
Fried
84.3%
Femme
82.9%
% Correct
Favorite
82.2%
Fly
78.2%
Folsom
77.8%
Foreign
77%
Furry
76.3%
Flynn
75.6%
Feels
73.7%
Fighting
72.7%
Friend
72.6%
Funny
72.3%
Funk
69.6%
Fade
69.1%
Food
68.9%
Free
68.8%
Frank
68.6%
Fenimore
66.1%
Faces
63.5%
Foster
62.4%
Folds
62.2%
Fruitgum
55.2%

You're not logged in!

Compare scores with friends on all Sporcle quizzes.
OR
Log In

Sporcle TV

Today on Sporcle TV


Watch our educational content, quiz creation guides, and fun videos on Sporcle TV.

Show Comments

Extras

Top Quizzes Today


Score Distribution

Your Account Isn't Verified!

In order to create a playlist on Sporcle, you need to verify the email address you used during registration. Go to your Sporcle Settings to finish the process.

Report this User

Report this user for behavior that violates our Community Guidelines.

Details: